000 00609nam a2200229Ia 4500
003 OSt
005 20220924145853.0
006 a|||||r|||| 00| 0
007 ta
008 220923b |||||||| |||| 00| 0 tel d
024 _a330590
037 _cTextual
040 _aARTS
_cARTS
_btel
041 _2tel
_atel
082 _aO152,3x, 35L4
100 _aRadharkishnamurthy V. Au.
_9220711
245 0 _aIravaimoodu hindi kathalu
260 _c1974
650 _aHINDI LITERATURE
_923866
942 _hO152,3x, 35L4
_cTEXL
_2CC
999 _c461392
_d461392